00798nam a22001935i 450000100060000000300090000600500170001500700030003200800410003504000200007610000560009624501870015226000550033930000260039460000690042070000730048985200210056285200210058348607ES-MaACL20251120165640.0t|950726s1819 fr ||||1| fre d aCAM bspa cCAM1 aDestutt de Tracy, Antoine-Louis-Claude, d1754-183610aCommentaire sur l'Esprit des lois de Montesquieu / cpar le Comte de Destutt de Tracy; suivi d'observations inédites de Condorcet sur le vingt-neuvième livre du même ouvrage... aParis : bTheodore Desser, c1819 (fFirmin Didot) aXV, 480 p. ; c21 cm.14aMontesquieu, Charles-Louis de Secondat, cbaron de, d1689-17551 aCondorcet, Jean Antoine Nicolas de Caritat,cmarquis de, d1743-1794 aES-MaACLjD-4856 aES-MaACLjG-9165